Giáo dục công dân 11

שמור ב:
מידע ביבליוגרפי
מחבר ראשי: Mai, Văn Bính
מחברים אחרים: Phạm, Văn Hùng
פורמט: ספר
שפה:Undetermined
יצא לאור: H. Giáo dục Việt Nam 2010
נושאים:
גישה מקוונת:http://lrc.tdmu.edu.vn/opac/search/detail.asp?aID=2&ID=6563
תגים: הוספת תג
אין תגיות, היה/י הראשונ/ה לתייג את הרשומה!
Thư viện lưu trữ: Trung tâm Học liệu Trường Đại học Thủ Dầu Một
LEADER 00627nam a2200205Ia 4500
001 TDMU_6563
008 210410s9999 xx 000 0 und d
082 |a 370.11 
090 |b M103 
100 |a Mai, Văn Bính 
245 0 |a Giáo dục công dân 11 
245 0 |c Mai Văn Bính 
260 |a H. 
260 |b Giáo dục Việt Nam 
260 |c 2010 
300 |a 120tr. 
650 |a Sách lớp 11; Giáo dục công dân 
700 |a Phạm, Văn Hùng 
856 |u http://lrc.tdmu.edu.vn/opac/search/detail.asp?aID=2&ID=6563 
980 |a Trung tâm Học liệu Trường Đại học Thủ Dầu Một